საქართველოს ევროპული გზა=Georgias European Way.ნოემბერი №3 2014 (ბიბ.ჩანაწერი № 46394)
[ მარტივი ფორმატი ]
| 000 -LEADER | |
|---|---|
| fixed length control field | 00779nam a2200169Ia 4500 |
| 001 - CONTROL NUMBER | |
| control field | 13230 |
| 003 - CONTROL NUMBER IDENTIFIER | |
| control field | GE_BSU |
| 008 - FIXED-LENGTH DATA ELEMENTS--GENERAL INFORMATION | |
| fixed length control field | 181216s||||||||xx |||||||||||||| ||und|| |
| 040 ## - CATALOGING SOURCE | |
| Transcribing agency | GE_BSU |
| 245 ## - TITLE STATEMENT | |
| Title | საქართველოს ევროპული გზა=Georgias European Way.ნოემბერი №3 2014 |
| 245 ## - TITLE STATEMENT | |
| Statement of responsibility, etc. | საქ-ს სახ-ფო მინისტრის აპარატი ევროპულ და ევროატლანტიკურ სტრუქტურებში ინტეგრაციის საკითხებში |
| 260 ## - PUBLICATION, DISTRIBUTION, ETC. | |
| Place of publication, distribution, etc. | თბილისი |
| 260 ## - PUBLICATION, DISTRIBUTION, ETC. | |
| Date of publication, distribution, etc. | 2014 |
| 300 ## - PHYSICAL DESCRIPTION | |
| Extent | 77გვ.30სმ. |
| 653 ## - INDEX TERM--UNCONTROLLED | |
| Uncontrolled term | საქართველოს ევროპული გზა |
| 942 ## - ADDED ENTRY ELEMENTS (KOHA) | |
| Koha item type | პერიოდიკა |
| Withdrawn status | Lost status | Damaged status | Not for loan | Date acquired | Barcode | Date last seen | Price effective from | Koha item type |
|---|---|---|---|---|---|---|---|---|
| 2018-12-17 | p76600 | 2018-12-17 | 2018-12-17 | პერიოდიკა | ||||
| 2018-12-17 | p76599 | 2018-12-17 | 2018-12-17 | პერიოდიკა | ||||
| 2018-12-17 | p76598 | 2018-12-17 | 2018-12-17 | პერიოდიკა | ||||
| 2018-12-17 | p76597 | 2018-12-17 | 2018-12-17 | პერიოდიკა | ||||
| 2018-12-17 | p76596 | 2018-12-17 | 2018-12-17 | პერიოდიკა | ||||
| 2018-12-17 | p76595 | 2018-12-17 | 2018-12-17 | პერიოდიკა | ||||
| 2018-12-17 | p76594 | 2018-12-17 | 2018-12-17 | პერიოდიკა | ||||
| 2018-12-17 | p76592 | 2018-12-17 | 2018-12-17 | პერიოდიკა | ||||
| 2018-12-17 | p76591 | 2018-12-17 | 2018-12-17 | პერიოდიკა | ||||
| 2018-12-17 | p76590 | 2018-12-17 | 2018-12-17 | პერიოდიკა | ||||
| 2018-12-17 | p76609 | 2018-12-17 | 2018-12-17 | პერიოდიკა | ||||
| 2018-12-17 | p76608 | 2018-12-17 | 2018-12-17 | პერიოდიკა | ||||
| 2018-12-17 | p76607 | 2018-12-17 | 2018-12-17 | პერიოდიკა | ||||
| 2018-12-17 | p76606 | 2018-12-17 | 2018-12-17 | პერიოდიკა | ||||
| 2018-12-17 | p76605 | 2018-12-17 | 2018-12-17 | პერიოდიკა | ||||
| 2018-12-17 | p76604 | 2018-12-17 | 2018-12-17 | პერიოდიკა | ||||
| 2018-12-17 | p76603 | 2018-12-17 | 2018-12-17 | პერიოდიკა | ||||
| 2018-12-17 | p76602 | 2018-12-17 | 2018-12-17 | პერიოდიკა | ||||
| 2018-12-17 | p76601 | 2018-12-17 | 2018-12-17 | პერიოდიკა | ||||
| 2018-12-17 | p76593 | 2018-12-17 | 2018-12-17 | პერიოდიკა |
